[Event "FRA-ch"]
[Site "Aix les Bains"]
[Date "2003.08.28"]
[Round "10"]
[White "Chabanon, Jean Luc"]
[Black "Skripchenko, Almira"]
[Result "1/2-1/2"]
[WhiteElo "2498"]
[BlackElo "2489"]
[Annotator "Huzman,A"]
[PlyCount "85"]
[EventDate "2003.08.18"]
[EventType "tourn"]
[EventRounds "11"]
[EventCountry "FRA"]
[EventCategory "13"]
[SourceTitle "CBM 097"]
[Source "ChessBase"]
[SourceDate "2003.11.11"]
[SourceVersion "1"]
[SourceVersionDate "2003.11.11"]
[SourceQuality "1"]

1. d4 d5 2. c4 dxc4 3. e3 e6 4. Bxc4 a6 5. Nf3 c5 6. O-O Nf6 7. Bb3 b5 8. a4 b4
9. Nbd2 Be7 10. e4 cxd4 11. e5 Nfd7 12. Nc4 Nc6 (12... Nc5 13. Nxd4 Bb7 14. Qg4
Bd5 $2 15. Qxg7 $16 {1-0 Maric,A-Skripchenko Lautier,A/New Delhi 2000/CBM 79
ext (22)}) 13. Nxd4 (13. Bg5 O-O 14. Bxe7 Qxe7 15. Rc1 Bb7 16. Bc2 Rab8 17.
Nxd4 {1/2-1/2 Gleizerov,E-Skripchenko Lautier,A/Saint Vincent 2001/CBM 80 ext 
(17)}) (13. a5 Nc5 14. Ba4 Nxa4 15. Qxa4 Bd7 16. Qb3 O-O 17. Rd1 Be8 {1/2-1/2
Prokopchuk,E-Volzhin,A/Tomsk 2001/CBM 82 ext (17)}) (13. Bf4 Nc5 14. Nd6+ Bxd6
15. exd6 Nxb3 16. Qxb3 O-O 17. Rfd1 Qf6 18. Qc2 Bd7 19. Bg5 Qg6 20. Qxg6 hxg6
21. Nxd4 Nxd4 22. Rxd4 f6 23. Be3 a5 24. Rc4 $14 {1/2-1/2 Peng,Z-Skripchenko
Lautier,A/Leon 2001/EXT 2002 (40)}) 13... Ncxe5 (13... Ndxe5 14. Nxc6 Qxd1 (
14... Nxc6 15. Qxd8+ Bxd8 16. Rd1 O-O 17. Be3 Bf6 18. Rac1 $44) 15. Rxd1 Nxc6
16. Bf4 Bb7 17. Rac1 $44) 14. Bf4 (14. Qe2 $5 Nxc4 (14... Ng6 15. Nc6 Qc7 16.
Nxe7 Nxe7 17. Rd1 O-O 18. Be3 Nd5 19. Rac1 $44) 15. Nc6 Qc7 16. Nxe7 Na5 17.
Bd5 Bb7 18. Bxb7 Qxb7 19. Bg5 h6 20. Ng6 $13) 14... Nxc4 15. Nc6 $146 (15. Bxc4
Nb6 (15... Bb7 16. Bxe6 fxe6 17. Nxe6 Qb6 18. Re1 $44) (15... Qb6 16. a5 Qc5
17. Rc1 $40) 16. Bb3 Bf6 (16... Bb7 $5 17. a5 Nd5 18. Ba4+ Kf8 $13) 17. Nc6
Qxd1 (17... Qd7 18. Nxb4 Bxb2 19. Rb1 Bc3 20. a5 $44) 18. Rfxd1 O-O 19. a5 $14
{1/2-1/2 Lautier,J-Rublevsky,S/Poikovsky RUS 2003/(50)}) 15... Qb6 (15... Nxb2
16. Qd2 Qb6 17. Nxe7 Kxe7 18. Qxb2 $44 {[%cal Ga1c1,Gc1c7,Yb2g7]}) 16. Nxe7
Kxe7 (16... Na5 $2 17. Rc1 Kxe7 (17... Nxb3 18. Nxc8 Qd4 19. Rc7 $18) 18. Bc7
$16) 17. Bxc4 $44 Bb7 18. Rc1 Rhd8 (18... Rac8 $5 19. Re1 {/\20.a5} (19. Qg4
Nf6 20. Qg3 Rhd8 21. Be2 {[%cal Gf4c7,Gc7b6,Gc7d8]} Rxc1 22. Rxc1 Qd4 $15)
19... Rc6 20. Qg4 Rhc8 21. b3 Kf8 22. Rcd1 Nf6 23. Qh4 $44) 19. Qh5 Nf6 20. Qh3
Rac8 $15 {Black have an extra pawn after opening.The pair of bishops and bad
position of Ke7 do not compensate this fully.} 21. b3 Bd5 22. a5 Qb7 (22...
Qxa5 23. Ra1 Qb6 24. Rxa6 Qb7 25. Rfa1 Bxc4 $1 26. Ra7 Qxa7 27. Rxa7+ Ke8 28.
Ra1 Rd3 29. Qh4 Bxb3 30. Be5 $132) 23. Be3 Bxc4 24. Rxc4 Rxc4 25. bxc4 Rc8 26.
c5 (26. Qg3 $5 h6 $1 (26... Rxc4 $140 27. Qxg7 Rg4 $4 28. Bc5+ $18) 27. Rd1 Kf8
$17) 26... Qc7 27. Qh4 Qxa5 $17 28. Rb1 Qa4 29. h3 (29. Qxb4 Qxb4 30. Rxb4 Nd5
31. Ra4 Nxe3 32. fxe3 Rxc5 33. Rxa6 Rc2 $17 {/-+}) 29... a5 30. Qg3 Qc6 $19 31.
Rd1 Ne8 $6 (31... Kf8 $19) 32. Qh4+ f6 (32... Nf6 $142 $19) 33. Qxh7 Rd8 34.
Re1 Qd5 35. g4 (35. Qc2 $5) 35... Kf7 (35... Qf3 $1 36. g5 Rd1 37. gxf6+ Kf7 $1
38. Rxd1 Qxd1+ 39. Kg2 Nxf6 $19) 36. g5 Qf5 (36... Qf3 $5 37. g6+ Ke7 38. Qg8
Rd1 $1 39. Rxd1 Qxd1+ 40. Kg2 Qd7 $19) 37. Qh5+ Kg8 38. Rd1 $1 Rxd1+ 39. Qxd1
Qd5 (39... fxg5 40. Qd8 Kf7 41. Qxa5 $15) (39... Qxh3 40. c6 $132) 40. Qa4 Qd8
41. g6 $1 {[%csl Rg8]} Kf8 42. c6 (42. Qb5 $5) 42... Qd5 43. Bb6 (43. Bb6 b3
44. c7 Qg5+ 45. Kh2 Qe5+ 46. Kg1 Nxc7 47. Bxa5 b2 48. Qb4+ Ke8 49. Bxc7 Qxc7
50. Qxb2 $11) 1/2-1/2

[Event "Olympiad-34"]
[Site "Istanbul"]
[Date "2000.10.29"]
[Round "2.1"]
[White "Vera Gonzalez Quevedo, Reynaldo"]
[Black "Baburin, Alexander"]
[Result "1/2-1/2"]
[WhiteElo "2584"]
[BlackElo "2590"]
[Annotator "Huzman,A"]
[PlyCount "180"]
[EventDate "2000.10.28"]
[EventType "team-swiss"]
[EventRounds "14"]
[EventCountry "TUR"]
[SourceTitle "EXT 2001"]
[Source "ChessBase"]
[SourceDate "2000.11.22"]
[SourceVersion "1"]
[SourceVersionDate "2000.11.22"]
[SourceQuality "1"]
[WhiteTeam "Cuba"]
[BlackTeam "Ireland"]
[WhiteTeamCountry "CUB"]
[BlackTeamCountry "IRL"]

1. d4 (1. Nf3 Nf6 2. g3 g6 3. Bg2 Bg7 4. O-O O-O 5. d3 c5 6. e4 Nc6 7. Nbd2 d5
8. exd5 Nxd5 9. Nc4 e5 10. Re1 Re8 11. a4 b6 12. Nfd2 Be6 13. Ne4 h6 14. a5 Qc7
15. Ned6 Reb8 16. Nb5 Qd8 17. a6 Qd7 18. Bd2 Kh7 19. c3 Rd8 20. Qa4 Qe7 21.
Rab1 Rac8 22. b4 Ndxb4 23. Nxb6 axb6 24. cxb4 Rxd3 25. Be3 Bd5 26. Bxd5 Rxd5
27. bxc5 bxc5 28. a7 Qd8 29. Nc7 Qxc7 30. a8=Q Rxa8 31. Qxa8 Rd8 32. Rb7 Rxa8
33. Rxc7 Nd4 34. Bxd4 exd4 35. Rxc5 Ra7 36. Rd5 h5 37. Re8 Bf6 38. h4 Kg7 39.
Rc8 Re7 40. Kf1 Kh7 41. Rcd8 Re5 42. R8d7 Rxd5 43. Rxd5 Bg7 44. Ke2 d3+ 45.
Kxd3 f5 46. f4 Kg8 47. Rd7 Bb2 48. Kc4 Kf8 49. Kd5 Kg8 50. Ke6 Bc3 51. Rd3 Bb2
52. g4 hxg4 53. h5 Kg7 54. hxg6 Kxg6 55. Rd5 Bc1 56. Rxf5 Bxf4 57. Rxf4 Kg5 58.
Ke5 g3 59. Ke4 g2 60. Rf8 Kh4 61. Rg8 {1-0 Radev,N-Pribyl,J/Tbilisi 1971/EXT
99 (61)}) 1... d5 2. c4 dxc4 3. e3 e6 4. Bxc4 c5 5. Nf3 a6 6. O-O Nf6 7. Bb3
cxd4 8. exd4 Nc6 9. Nc3 Be7 10. Re1 O-O 11. a3 Qd6 12. Ne4 $1 (12. d5 exd5 13.
Nxd5 Nxd5 14. Qxd5 Qxd5 15. Bxd5 Bf6 16. Rb1 Bf5 17. Be4 Bxe4 18. Rxe4 Rfe8 19.
Rxe8+ Rxe8 20. Kf1 Nd4 {1/2-1/2 Davies,N-Sadler,M/Gausdal 1994/EXT 97 (20)}) (
12. h3 Rd8 13. Be3 b5 14. Qe2 Bb7 15. Red1 Na5 16. Ba2 b4 17. axb4 Qxb4 $15 {
0-1 Lengyel,L-Vovsha,E/Budapest HUN 1999 (43)}) (12. Bg5 Rd8 13. Bc2 Nxd4 14.
Nxd4 Qxd4 15. Qf3 Qc5 16. Be3 Qc6 17. Qg3 b5 18. Bh6 g6 19. Be4 Nxe4 20. Nxe4
Bb7 $17 {0-1 Zontakh,A-Govedarica,R/Lazarevac YUG 1999 (49)}) (12. g3 Nd5 13.
Nxd5 exd5 14. Ne5 Be6 15. Bf4 Nxe5 16. dxe5 Qb6 17. Bc2 Rac8 18. Qd2 {1/2-1/2
Hansen,C-Degerman,L/Malmo 1998/CBM 66 (18)}) 12... Nxe4 13. Rxe4 Bf6 (13... Rd8
14. Bf4 Qd7 15. Qc2 b5 16. Rae1 Kh8 (16... Qb7 17. Bg5 $36) 17. Bg5 $1) 14. Bf4
Qd8 15. Rc1 (15. Bc2 b5 16. Qd3 g6 17. Bh6 Re8 18. Rd1 {1/2-1/2 Borovikov,
V-Zontakh,A/Ordzhonikidze 2000 (18)}) 15... Bd7 (15... Qb6 16. Ne5 (16. Be5 $1)
16... Rd8) 16. Re2 Rc8 (16... Re8 17. Rd2) 17. d5 exd5 18. Bxd5 $36 Bg4 19. Rd2
Qa5 (19... Qb6 20. Be3 Qc7 21. h3) 20. h3 Bh5 21. b4 $1 Qxa3 22. Rd3 Qxb4 (
22... Bxf3 23. Bxf3 Qa2 24. Bd5 Qb2 25. Rb1 $18) (22... Qb2 23. Rb1 $18) 23.
Bd6 Qb6 (23... Qa5 24. Bxf8 Kxf8 25. Be4 $1 Bg6 26. Bxg6 hxg6 27. Rd7 Rd8 28.
Rb1 $16) 24. Rb3 Qa7 25. Bxf8 Rxf8 (25... Kxf8 26. Bxc6 bxc6 27. Qd6+ Be7 28.
Qe5 {(/\29.Rc6)} Bxf3 29. Rxf3 $16 {[%cal Ge5f5,Gf5c8,Gf3f7,Ge5h5,Gh5f7]}) 26.
Bxc6 bxc6 27. Rxc6 a5 28. Rb5 Bxf3 29. Qxf3 $16 Qe7 (29... a4 30. Rxf6 gxf6 31.
Qxf6 $18) 30. Ra6 Qe1+ 31. Kh2 Bd4 32. Ra8 g6 33. Rb7 Qe6 34. Rxa5 h5 35. h4 $6
(35. g3 Rc8 36. Ra6 $18) 35... Rc8 36. Qf4 (36. Ra6 Qc4 37. Ra4 Be5+ 38. g3 Qe6
39. Raa7 Rf8 40. Re7 $18) 36... Rc4 37. g3 Kg7 38. Rab5 Bf6 39. Qf3 Bd4 (39...
Rc3 40. Qd5 $18) 40. Rb4 Rxb4 41. Rxb4 Bf6 42. Kg2 Be5 43. Qe4 Qf6 44. Rc4 Ba1
45. Qd5 Qe7 46. Rc8 Bf6 47. Rb8 Qe5 48. Qxe5 Bxe5 49. Rb4 Bd6 50. Rb5 Be7 51.
Kf3 Bf6 52. Ke4 Bc3 53. Kd5 Be1 54. Rb2 Bc3 55. Rc2 Ba1 56. Rc4 f5 57. Ke6 Bb2
58. Rc7+ Kg8 59. Rc8+ (59. f4 $1 Bd4 60. Rd7 Bc3 {You can find a way to
wictory in such an ending in game Radev-Pribyl above}) 59... Kg7 60. Rc7+ Kg8
61. Rd7 Bc3 62. Rd3 Bb2 63. f3 Kf8 64. Rd8+ Kg7 65. Rd7+ Kg8 66. Rb7 Bd4 67.
Rb4 Bc3 68. Rc4 Bb2 69. Rc8+ Kg7 70. Rc7+ Kg8 71. Kd5 Kf8 72. Rb7 Bc3 73. Rb3
Ba1 74. Rb1 Bc3 75. Rc1 Bb2 76. Rc2 Ba1 77. Ke6 Kg7 78. Rc7+ Kg8 79. Rf7 Bd4
80. g4 $2 $11 hxg4 81. fxg4 fxg4 82. Rf4 Bc3 83. Rxg4 Kh7 84. Kf7 Kh6 $1 85.
Rg5 Be1 86. Rxg6+ Kh5 87. Kf6 Kxh4 88. Kf5 Bd2 89. Rg2 Be3 90. Rb2 Kg3 1/2-1/2

[Event "Olympiad-34"]
[Site "Istanbul"]
[Date "2000.10.30"]
[Round "3.1"]
[White "Jussupow, Artur"]
[Black "Svetushkin, Dmitry"]
[Result "1-0"]
[WhiteElo "2610"]
[BlackElo "2472"]
[Annotator "Huzman,A"]
[PlyCount "57"]
[EventDate "2000.10.28"]
[EventType "team-swiss"]
[EventRounds "14"]
[EventCountry "TUR"]
[SourceTitle "EXT 2001"]
[Source "ChessBase"]
[SourceDate "2000.11.22"]
[SourceVersion "1"]
[SourceVersionDate "2000.11.22"]
[SourceQuality "1"]
[WhiteTeam "Germany"]
[BlackTeam "Moldova"]
[WhiteTeamCountry "GER"]
[BlackTeamCountry "MDA"]

1. d4 d5 2. c4 dxc4 3. e3 e6 4. Bxc4 Nf6 5. Nf3 c5 6. O-O a6 7. a4 Nc6 8. Qe2
Qc7 9. Nc3 Bd6 10. Rd1 O-O 11. h3 b6 12. dxc5 Bxc5 13. e4 Nd7 14. e5 Ndxe5 (
14... Ncxe5 15. Bf4 Nxf3+ 16. Qxf3 Bxf2+ 17. Kxf2 Qxc4 18. Bd6 $14) 15. Bf4
Nxf3+ (15... f6 16. Rac1 (16. Ne4 Nxf3+ 17. Qxf3 Ne5 18. Qc3 Kh8 19. Rac1 Be7
20. Qg3 Qb7 21. Bxe5 Qxe4 22. Bc3 Ra7 23. Re1 Qf5 24. Bd4 $44 {1-0 Lugovoi,
A-Karpatchev,A/RUS-ch51 St. Petersburg 1998/CBM 67/ (62)}) 16... Qe7 17. Ne4
Bb4 18. Bxe5 Nxe5 19. Nxe5 fxe5 20. Qh5 Kh8 21. Qxe5 {1/2-1/2 Lauber,
A-Estrella,J/Gyula 1997/CBM 58 ext (21)}) 16. Qxf3 Qb7 17. Ne4 Nd4 18. Qd3 Rd8
19. b4 $1 (19. Be5 f5 20. Nd6 $1 Bxd6 21. Qxd4 Be7 22. Qc3 Rxd1+ 23. Rxd1 Qc6
24. Rd6 $1 Qxa4 25. Rxb6 Bf8 26. b3 Qe8 27. Qf3 $16 {1-0 Raetsky,A-Golikov,A/
Kecskemet 1991/Inf 54/(32)}) 19... Bxb4 20. Nd6 Qc6 (20... Bxd6 21. Qxd4 $18) (
20... Rxd6 21. Bxd6 Bxd6 22. Qxd4 Bf8 23. Be2 Rb8 (23... Qa7 24. Rac1 $1 h6 25.
Rc6 Bb7 26. Rc7 Rc8 27. Rxc8 Bxc8 28. a5 $18) 24. Rac1 $1 h6 25. Bf3 Qa7 26.
Qf4 $18) (20... Nf5 $1 21. Nxb7 Rxd3 22. Rxd3 Bxb7 23. Rad1 $14 {/+/-}) 21.
Qxd4 Bb7 22. Bf1 Bc3 23. Qd3 Bxa1 (23... e5 24. Rac1 exf4 25. Rxc3 Rxd6 26.
Qxd6 Qxc3 27. Qd8+ Rxd8 28. Rxd8#) 24. Rxa1 $16 b5 $2 (24... Rd7 25. Qg3 f6 26.
Nxb7 e5 27. Qb3+ Kh8 28. Be3 Qxb7 29. Rb1 $16) 25. Qg3 $18 f6 (25... b4 26. Rc1
Qd5 27. Rc7 $18) 26. Rc1 Rxd6 27. Rxc6 Rxc6 28. Bh6 g6 29. axb5 1-0

[Event "Penta Media GM"]
[Site "Kelamabakkam"]
[Date "2000.08.20"]
[Round "7"]
[White "Fominyh, Alexander"]
[Black "Ganguly, Surya Shekhar"]
[Result "1-0"]
[WhiteElo "2594"]
[BlackElo "2498"]
[Annotator "Huzman,A"]
[PlyCount "69"]
[EventDate "2000.08.14"]
[EventType "tourn"]
[EventRounds "12"]
[EventCountry "IND"]
[EventCategory "11"]
[SourceTitle "CBM 079"]
[Source "ChessBase"]
[SourceDate "2000.11.21"]
[SourceVersion "1"]
[SourceVersionDate "2000.11.21"]
[SourceQuality "1"]

1. d4 d5 (1... Nf6 2. c4 e6 3. Nf3 d5 4. Nc3 dxc4 5. e4 c5 6. Bxc4 a6 7. O-O b5
8. Bb3 Bb7 9. Bg5 Be7 10. d5 c4 11. Bc2 Nbd7 12. dxe6 fxe6 13. Qe2 Qc7 14. Nd4
Nc5 15. e5 Nd5 16. Qh5+ $16 {1-0 Steffensen,T-Moller,S/Vejgaard 1992/EXT 98 
(32)}) 2. c4 dxc4 3. Nf3 Nf6 (3... a6 4. e4 c5 5. Bxc4 e6 6. O-O b5 7. Bb3 Bb7
8. Nc3 Nf6 9. Bg5 Be7 10. e5 Nfd7 11. Bf4 cxd4 12. Nxd4 Nc5 13. Bc2 Nc6 14.
Nxc6 Bxc6 15. Qg4 $36 {1-0 Pafnutieff,W-Gross,H/San Francisco 1960 (37)}) 4. e3
e6 5. Bxc4 c5 6. O-O a6 7. Nc3 b5 8. Bb3 Bb7 9. e4 cxd4 10. Nxd4 Nbd7 (10...
Nc6 11. Be3 (11. Nxc6 Qxd1 12. Rxd1 Bxc6 13. f3 Bc5+ 14. Kf1 h6 15. Bf4 O-O 16.
Ne2 Rfc8 17. Rac1 Ba7 18. Be5 Be8 $11 {1/2-1/2 Zvjaginsev,V-Adianto,U/Biel
1995/CBM 49 (36)}) 11... Ne5 12. Qe2 Neg4 13. e5 Nxe3 14. fxe3 Nd7 15. Rxf7
Kxf7 16. Nxe6 Qb8 17. Nxg7+ Ke7 18. Qh5 Qxe5 19. Qf7+ Kd6 20. Ne6 Qxe3+ 21. Kh1
Bh6 {1-0 Naer Eugeni-Grabuzova Tatiana/Memorial Goldberg Moscow (Russia) 1998})
(10... b4 11. e5 Nfd7 12. Bxe6 Nc5 13. Bc4 bxc3 14. e6 Nxe6 15. Re1 Be7 16.
Bxe6 fxe6 17. Qh5+ g6 18. Qe5 O-O 19. Nxe6 Bf6 $17 {0-1 Barkhagen,J-Maksimenko,
A/Aalborg 1995/CBM 49 ext (24)}) 11. Re1 Nc5 12. e5 $146 (12. Bd5 Nxd5 (12...
Qb6 13. b4 Ncd7 14. Be3 exd5 15. exd5 Bxb4 16. Nc6 Bxc3 17. Bxb6+ Kf8 18. Bc7
g6 19. Re3 Bxa1 20. Qxa1 {1-0 Bosboom,M-Van den Bergh,J/Haarlem 1998/EXT 99 
(20)}) 13. exd5 b4 14. dxe6 bxc3 15. Qg4 Qd5 16. bxc3 h5 17. Qh3 Nxe6 18. Nxe6
fxe6 19. Bf4 O-O-O 20. Rxe6 Qd7 21. Rb1 Rh6 22. Bxh6 gxh6 {1/2-1/2 Zvjaginsev,
V-Yakovich,Y/Moscow 1995/CBM 46 ext (22)}) 12... Nxb3 (12... Nfd7 13. Bc2 Nb6 (
13... b4 14. Ne4 Nxe4 15. Bxe4 Bxe4 16. Rxe4 Nc5 17. Re1 (17. Rf4 $5 Qd5 18.
Be3) 17... Qd5 18. Bg5 $32) 14. b4 (14. Qg4 h5 15. Qf4 Nd5 16. Nxd5 Qxd5 17. f3
$36) 14... Nd5 (14... Ncd7 15. Nxe6 $1 $16) 15. Nxd5 Qxd5 16. f3 Rd8 17. Bb2
Qc4 18. a3 $16) (12... Nd5 13. Bxd5 Bxd5 14. b4 Nb7 15. a3 $36 {[%csl Rb7]})
13. axb3 Nd7 (13... Nd5 14. Ne4 (14. Qg4 h5 15. Qg3 h4 16. Qg4 h3 $36) 14...
Qb6 15. Qg4 h5 16. Qh4 $36) 14. Qg4 {White prevent the development of the
king's side of Black and make to weaken pawn structure of Black on the king's
side.} b4 (14... Qb6 15. Be3 Nxe5 16. Qg3 Qd6 17. Nf5 Qc6 18. Nxg7+ Bxg7 19.
Qxg7 Ng6 20. f3 $16 {[%csl Re8]}) (14... h5 15. Qg3 h4 16. Qg4 h3 $140 $2 17.
Nxe6 $18) (14... g6 $5 15. Bg5 Qb6 16. Ne4 $36) 15. Na4 Bd5 16. h4 h5 17. Qg3
g6 18. Bg5 Qb8 19. Rac1 $14 Bg7 20. Nc5 Qa7 $2 ({In case of} 20... Nxc5 21.
Rxc5 O-O 22. Be7 Re8 23. Bd6 $36 {White seize the initiative on the queen's
side.}) 21. Nxd7 Qxd7 22. Bf6 $1 O-O (22... Bxf6 23. exf6 $16) 23. Bxg7 Kxg7
24. Ne2 $1 {Now White regroup pieces for the attack of the weakened position
of the Black's king.} Rac8 25. Rcd1 Kh7 26. Nf4 $16 Rfd8 27. Qg5 Qe8 (27... Rc2
28. Re3 $40) 28. Re3 Rc7 (28... Bb7 29. Red3 $1 (29. Rde1 {[%cal Gf4h5]} Qf8
30. Nxh5 (30. Rg3 Qh6 31. Qf6 Rd7) 30... gxh5 31. Qxh5+ Qh6 32. Qxf7+ Qg7 $11)
29... Rxd3 30. Rxd3) 29. Rg3 Qf8 30. Rd4 Rcd7 31. Qf6 {[%cal Gg3g5,Gf4h5,Gg5h5]
} Qe7 $2 (31... a5 32. Rg5 Qh6 33. Rxd5 $1 exd5 34. e6 fxe6 35. Rxg6 Qxf4 36.
Qxf4 Kxg6 37. Qg5+ Kf7 38. Qxh5+ $16) 32. Nxh5 Qf8 33. Nf4 Qe7 34. Qxe7 Rxe7
35. h5 $18 1-0

[Event "Tel Aviv int"]
[Site "Tel Aviv"]
[Date "2000.03.22"]
[Round "3"]
[White "Gershon, Alik"]
[Black "Jonkman, Harmen"]
[Result "1-0"]
[WhiteElo "2471"]
[BlackElo "2446"]
[Annotator "Huzman,A"]
[PlyCount "109"]
[EventDate "2000.03.??"]
[EventType "tourn"]
[EventRounds "9"]
[EventCountry "ISR"]
[EventCategory "9"]
[SourceTitle "CBM 077"]
[Source "ChessBase"]
[SourceDate "2000.07.27"]
[SourceVersion "1"]
[SourceVersionDate "2000.07.27"]
[SourceQuality "1"]

1. d4 d5 2. c4 (2. Nf3 c6 3. c4 e6 4. e3 Nf6 5. Bd3 dxc4 6. Bxc4 c5 7. O-O Nc6
8. Nc3 a6 9. Bb3 Be7 10. dxc5 Qxd1 11. Rxd1 Bxc5 12. Bd2 Ke7 13. Rac1 Ba7 14.
e4 Ng4 15. Be1 Bd7 16. Na4 f6 17. Nc5 Bxc5 18. Rxc5 Rhd8 19. h3 Nge5 20. Nxe5
fxe5 21. f4 $16 {1-0 Piskov,Y-Relange,E/Cappelle la Grande 1994/CBM 44 (31)})
2... dxc4 3. e3 Nf6 4. Bxc4 e6 5. Nf3 c5 6. O-O a6 7. Bb3 Nc6 8. Nc3 Be7 9.
dxc5 Qxd1 10. Rxd1 Bxc5 11. Bd2 Bd7 (11... Ba7 12. Rac1 Ke7 (12... O-O 13. Be1
h6 14. h3 Bd7 15. Na4 Rfd8 16. Nc5 Bxc5 17. Rxc5 Be8 18. Rcc1 $14 {1-0
Bunzmann,D-Sadvakasov,D/Lausanne 1999/CBM 71 (40)}) 13. Ng5 (13. e4 Ng4 14. Be1
Bd7 15. Na4 Rac8 16. Nc5 Nd4 17. Bb4 Ne2+ 18. Kf1 Nxc1 19. Nxd7+ Ke8 20. Nb6
Bxb6 21. Ba4+ Rc6 22. Rxc1 $16 {1-0 Kazhgaleyev,M-Muhtarov,L/Koszalin 1999/EXT
2000 (37)}) 13... Rd8 (13... Bd7 14. Nce4 Nxe4 15. Nxe4 b6 16. Rxc6 Bxc6 17.
Bb4+ Ke8 18. Nd6+ Ke7 19. e4 Bb8 20. e5 Bd5 21. Nc8+ Ke8 22. Nxb6 Ra7 23. Nxd5
exd5 24. Bxd5 {1-0 Volzhin,A-Hartman,C/Gistrup 1997/EXT 98 (24)}) 14. Nge4 Nxe4
15. Nxe4 e5 16. Nc5 (16. Ba4 Bd7 17. Nc5 Bxc5 18. Rxc5 Rac8 19. a3 Be6 20. Rcc1
f6 $11 {1/2-1/2 Filippov,V-Dokuchaev,A/Maikop 1998/CBM 66 (29)}) 16... Bxc5 17.
Rxc5 Be6 18. Bxe6 Kxe6 $11 {1/2-1/2 Arlandi,E-Galkin,A/Saint Vincent 2000/CBM
74 ext (44)}) (11... Na5 12. Ba4+ b5 13. Nxb5 axb5 14. Bxb5+ Ke7 15. b4 $18 {
1-0 Tkachiev,V-Stevic,H/Pula 1999/CBM 70 ext (30)}) (11... O-O 12. Rac1 (12.
Be1 Be7 13. Rac1 Rd8 14. Na4 Rxd1 15. Bxd1 Nd7 16. Be2 Nd8 17. Ne5 Nxe5 18. Nb6
Rb8 19. Nxc8 $16 {1-0 Romanishin,O-Peric,S/Arco di Trento 1997/EXT 2000 (52)})
12... Rd8 (12... Ba7 13. Be1 Rd8 14. Ne5 Bd7 15. Nxd7 Nxd7 (15... Rxd7 16. Ne4
Rxd1 17. Nxf6+ gxf6 18. Bxd1 $11 {1/2-1/2 Romanishin,O-Chabanon,J/Bad Endbach
1995/CBM 47 (62)}) 16. Ne4 Nde5 17. Nd6 Rd7 18. Bc3 Kf8 19. Kf1 Ke7 20. Nc4
Rxd1+ 21. Rxd1 Nxc4 22. Bxc4 $14 {1-0 Tregubov,P-Stambulin,A/Krasnodar 1998/
EXT 2000 (52)}) 13. Na4 Ba7 14. Ba5 Rxd1+ 15. Rxd1 Nd7 16. Bc7 b5 17. Bc2 Nf6
18. Nb6 Bxb6 19. Bxb6 Bd7 20. Nd4 $14 {1/2-1/2 Kazhgaleyev,M-Drasko,M/Cannes
1999/EXT 2000 (55)}) 12. Rac1 Ba7 13. Be1 Ke7 (13... Rd8 14. Na4 b6 (14... O-O
15. Nc5 Bxc5 16. Rxc5 $14 {1/2-1/2 Cifuentes Parada,R-Lopez Martinez,J/
Zaragoza 1999/EXT 2000 (91)}) 15. Rxd7 Kxd7 16. Nxb6+ Kc7 17. Na4 Kb7 18. Rxc6
Kxc6 19. Ne5+ Kd6 20. Nxf7+ Ke7 21. Nxh8 Rxh8 22. Bc4 Ra8 23. b3 $14 {1/2-1/2
Epishin,V-Kortschnoj,V/Hessen 1999/EXT 2000 (31)}) (13... O-O 14. Na4 Rfc8 15.
Nc5 Bxc5 16. Rxc5 Ne7 17. Rxc8+ Rxc8 18. Ne5 $14 {1-0 Atalik,S-Van der Sterren,
P/Reykjavik 1994/CBM 39 ext (30)}) 14. Na4 Rhc8 (14... Rhb8 15. Nc5 Be8 16. h3
h6 17. Rc2 Nd7 18. Nxa6 bxa6 19. Rxc6 Nc5 20. Nd4 Rb7 21. Bc4 Bxc6 22. Nxc6+
Ke8 23. b4 {1-0 Lautier,J-Flear,G/France 1999/CBM 73/[Lautier] (43)}) (14...
Rhd8 15. Nc5 Bxc5 16. Rxc5 Be8 17. Rdc1 Ne4 18. R5c4 Nd6 19. R4c2 $14 {1-0
Iljushin,A-Hunt,A/Patras 1999/CBM 72 ext (34)}) (14... b6 15. Rxd7+ Kxd7 16.
Nxb6+ Bxb6 17. Ba4 Kc8 18. Ne5 Kb8 19. Nxc6+ Kb7 20. Ne5 Rac8 21. Bc6+ Ka7 22.
Nxf7 $16 {1-0 Karpov,A-Gulko,B/Oropesa del Mar 1996/EXT 98 (42)}) 15. Nc5 Bxc5
(15... Rc7 16. Nxd7 Rxd7 17. Rxd7+ Nxd7 (17... Kxd7 18. Bc3 Ke7 19. Ne5 $14)
18. Ba4 Rc8 19. Bb4+ Ke8 20. Bc3 $14) 16. Rxc5 Ne4 17. Rc4 (17. Rcc1 $5 Be8 18.
Bc2 f5 (18... Nd6 19. Bc3 $16) 19. Nd2 Nd6 20. Nf1 $14 {[%cal Ge1c3]}) 17...
Nd6 18. Rc2 (18. Rh4 h6 19. Bc3 f6 {[%csl Rh4]}) 18... Be8 19. Bc3 a5 (19... f6
20. Nd4 Nxd4 21. exd4 (21. Rxd4 a5 22. Rcd2 Nb5 $15) 21... Bf7 22. Re1 $14 {
[%csl Re6]}) 20. Re2 f6 21. Nd4 $1 Nd8 (21... e5 22. Ne6 g6 (22... Bf7 23. Nxg7
$16) 23. Nf4 $1 $16) 22. Bc2 Bg6 (22... g6 $5 $11 {[%cal Ye6e5]}) 23. e4 $1 e5
24. Nf5+ Bxf5 $2 (24... Nxf5 25. exf5 Bf7 26. Red2 (26. g4 b5 27. a3 Nc6 $132)
26... Bxa2 (26... Rc7 27. f4 $1 $36) 27. Rd7+ Kf8 28. Ra1 Bc4 29. Rxa5 $14) 25.
exf5 Nb5 26. Red2 $1 Rc7 27. Ba4 $1 Nxc3 28. Rd7+ Rxd7 29. Rxd7+ Kf8 30. bxc3
$16 Rc8 31. Kf1 Nf7 32. Bb3 Nh6 33. Rxb7 Rxc3 34. Be6 $1 $18 {[%csl Ra5,Rf8,
Rh6]} Rc6 {[%cal Yg7g6]} 35. h3 g6 36. g4 gxf5 37. gxf5 Rc3 38. Kg2 Ra3 39.
Rxh7 Nxf5 40. Bxf5 Rxa2 41. Be6 Rb2 42. Rf7+ Ke8 43. Ra7 e4 44. Kg3 Rb6 45. Bd5
f5 46. Rxa5 Ke7 47. Kf4 Rb2 48. Ra2 Rb5 49. Ke5 Rc5 50. Ra7+ Ke8 51. Kd6 Rc8
52. Ra8 Rxa8 53. Bxa8 Kf7 54. Ke5 Kg6 55. Kf4 1-0

[Event "Cannes m1"]
[Site "Cannes"]
[Date "2000.04.18"]
[Round "1"]
[White "Piket, Jeroen"]
[Black "Tkachiev, Vladislav"]
[Result "1/2-1/2"]
[WhiteElo "2633"]
[BlackElo "2670"]
[Annotator "Huzman,A"]
[PlyCount "44"]
[EventDate "2000.04.18"]
[EventType "match"]
[EventRounds "8"]
[EventCountry "FRA"]
[SourceTitle "CBM 077"]
[Source "ChessBase"]
[SourceDate "2000.07.27"]
[SourceVersion "1"]
[SourceVersionDate "2000.07.27"]
[SourceQuality "1"]

1. d4 d5 2. c4 dxc4 3. Nf3 Nf6 4. e3 e6 5. Bxc4 c5 6. O-O a6 7. Bb3 b5 8. a4 b4
9. Nbd2 cxd4 $146 10. Nc4 (10. Nxd4 Bb7 11. Qe2 Bc5 12. Rd1 O-O 13. N2f3 Nbd7
$11) 10... Be7 (10... dxe3 11. Qxd8+ Kxd8 12. Nfe5 $5 (12. Bxe3 Nbd7 (12... Nd5
13. Rad1 Nd7 14. Nce5 Nxe3 15. fxe3 Ke7 16. Nc6+ Ke8 17. Ng5 $16) 13. Rad1 Ke8
14. Nce5 Bb7 15. a5 $44) 12... exf2+ 13. Rxf2 Ke8 (13... Ra7 14. Be3 $16) (
13... Bc5 14. Nxf7+ Ke8 15. Nxh8 Ng4 16. Nd6+ Bxd6 17. Rc2 Bd7 18. h3 Ne5 19.
Be3 $16) 14. Nb6 Bd6 15. Nd3 Bb7 16. Nxa8 Bxa8 17. Bf4 Bxf4 18. Rxf4 a5 19. Rc1
$14) 11. Nxd4 Bb7 12. Ne5 (12. f3 Bc5 13. Ne5 Bd5 $11) 12... Bd5 (12... Qd6 13.
Nxf7 Kxf7 14. Nxe6 Qxd1 15. Rxd1 Kg6 16. Nf4+ Kh6 17. f3 (17. e4 Nxe4) 17... g5
18. Ne6 $44) 13. e4 Bxb3 (13... Nxe4 14. Nxf7 Kxf7 15. Nxe6 Bxe6 (15... Kxe6
16. Qg4+ Kf7 (16... Kf6 17. Rd1 Qc8 18. Qf4+ Qf5 19. Qxf5+ Kxf5 20. Rxd5+ Kf6
21. f3 $16) 17. Qh5+ Ke6 18. Re1 (18. Qg4+ $11) 18... Bxb3 19. Rxe4+ Kd7 20.
Rd4+ Kc6 21. Rxd8 Rxd8 22. Bg5 $36) 16. Qh5+ g6 17. Qf3+ Nf6 18. Bxe6+ Kxe6 19.
Qxa8 Qd5 $15) (13... Bxe4 14. Nxf7 Kxf7 15. Bxe6+ Ke8 16. Re1 $44) 14. Nxb3
Qxd1 15. Rxd1 Nxe4 16. Be3 Nf6 (16... O-O 17. Rac1 $44) 17. Rac1 Nbd7 (17...
O-O 18. Rc7 Re8 19. Nc4 Nd5 20. Rxd5 exd5 21. Nb6 Bd6 22. Nxa8 Bxc7 23. Nxc7
Re7 $1 24. Na8 (24. Nxd5 Rd7 $19) 24... Nc6 25. Kf1 $14) 18. Nc6 (18. Nxd7 Nxd7
19. Rc7 Nf6 20. Bc5 Bxc5 21. Nxc5 O-O 22. Rc6 a5 $17) 18... Nd5 19. Nba5 Bf6 (
19... Nxe3 20. fxe3 Bg5 21. Kf2 (21. Nc4 Nb6 22. Kf2 Nd5 23. Nd6+ Kd7 24. Nf5
g6 $17) 21... Nf6 22. Kf3 Nd5 23. Nc4 O-O 24. a5 $44) 20. Nc4 O-O 21. Nxb4 Nxb4
22. Rxd7 $11 Rfd8 1/2-1/2